000 00713nam a22002417a 4500
001 5750
003 FISKH
005 20250117161259.0
008 250117b cb ||||| |||| 00| 0 eng d
020 _a9789810175542
040 _aFISKH
_beng
_cFISKH
_dFISKH
050 _aG128
082 _a910
100 _aKoh, Andy
245 _aEarth our home /
_cGeneral Editor : Yee Sze Onn : Authors : Andy Koh and Valerie Goh
250 _aFirst published 2006
260 _aNew York :
_bMarshall Cavendish Education ;
_c2006.
300 _a190 pages :
_bcolor illustrations, maps ;
_c28 cm .
490 _aSecondary 1 :
_v2nd edition.
700 _aGoh, Valerie
_eauthor
942 _2ddc
_cBK
_n0
999 _c5750
_d5750